| Поле | Инд. | ПП | Название | Значение |
|---|---|---|---|---|
| Тип записи | a | |||
| Библиографический уровень | m | |||
| 001 | Контрольный номер | RU/LIBMSTU/249739299 | ||
| 005 | Дата корректировки | 20160419102844.0 | ||
| 008 | Кодируемые данные | 071211|||||||||ru |||||||||||000|||rus|| | ||
| 020 | a | ISBN | 5-86090-101-1 | |
| c | Цена, тираж | 500-00 | ||
| 040 | b | Код языка каталог. | rus | |
| 041 | 0_ | a | Код языка текста | rus |
| 084 | a | Индекс другой классификации/Индекс ББК | 63.3(2)52 | |
| 090 | a | Полочн. индекс | 63.3(2)5 | |
| x | Авторский знак | Ф 91 | ||
| 100 | 1_ | a | Автор | Фролов Б. П. |
| 245 | 11 | a | Заглавие | "Да, были люди в наше время..." |
| c | Ответственность | под ред. В. А. Золотарева ; [Межрегион. обществ. фонд патриот. воспитания соотечественников, РАЕН, Междунар. Акад. наук о природе и о-ве] | ||
| b | Продолж. заглавия | Отечественная война 1812 года и заграничные походы русской армии | ||
| 260 | a | Место издания | Москва | |
| b | Издательство | Animi Fortitudo | ||
| c | Дата издания | 2005 | ||
| 300 | a | Объем | 623 с. | |
| b | Иллюстрации/ тип воспроизводства | ил. | ||
| 440 | _0 | a | Серия | Военная история Государства Российского в 30-ти томах |
| 504 | a | Библиография | Библиогр.: с. 598-605 | |
| 600 | 14 | a | Персоналии | Александр I, Российский император (1801-1825) |
| 600 | 34 | a | Персоналии | Наполеон I Бонапарт, французский политик |
| 600 | 34 | a | Персоналии | Кутузов М. И., российский офицер |
| 650 | 04 | a | Основная рубрика | Россия-История, 19 в. |
| 650 | 14 | a | Основная рубрика | Отечественная война 1812 г. |
| 653 | 0_ | a | Ключевые слова | История России 19 в. |
| 653 | 1_ | a | Ключевые слова | Отечественная война 1812 г. |
| 653 | 1_ | a | Ключевые слова | Заграничные походы русской армии 1813-1814 гг. |
| 653 | 1_ | a | Ключевые слова | Бородинская битва |
| 901 | t | Тип документа | m |